| 000 | 00804cam a2200229 a 4500 | ||
|---|---|---|---|
| 001 | 12339136 | ||
| 005 | 20171215042355.0 | ||
| 008 | 010308s2002 njua b 001 0 eng | ||
| 010 | _a 2001021518 | ||
| 020 | _a0130325384 | ||
| 040 |
_aDLC _cDLC _dDLC |
||
| 041 | _aeng | ||
| 080 | _a363.7 | ||
| 082 | 0 | 0 |
_a363.7 WRI _221 |
| 100 | 1 | _a9 | |
| 101 | _aMJE | ||
| 245 | 1 | 0 |
_aEnvironmental science : _cRichard T. Wright, Bernard J. Nebel. |
| 504 | _aIncludes bibliographical references (p. 631-644) and index. | ||
| 906 |
_a7 _bcbc _corignew _d1 _eocip _f20 _gy-gencatlg |
||
| 942 |
_2ddc _cBK |
||
| 999 |
_c38980 _d38980 |
||